000 00634nam a2200229Ia 4500
003 OSt
005 20220928104239.0
006 a|||||r|||| 00| 0
007 ta
008 220927b |||||||| |||| 00| 0 eng d
024 _a92450
037 _cTextual
040 _aSDCL
_cSDCL
_beng
041 _2eng
_aeng
082 _aV2,8y7N15, L3
100 _aRai E N Mangat
_9409816
245 0 _aCommitment my style
_b Career in the Indian civil service
260 _aDelhi
_bVikas Publishing House
_c1973
300 _a275p
_ccm.
942 _hV2,8y7N15, L3
_cTEXL
_2CC
999 _c725382
_d725382